<?xml version="1.0" encoding="UTF-8"?>
<record
    xmlns:xsi="http://www.w3.org/2001/XMLSchema-instance"
    xsi:schemaLocation="http://www.loc.gov/MARC21/slim http://www.loc.gov/standards/marcxml/schema/MARC21slim.xsd"
    xmlns="http://www.loc.gov/MARC21/slim">

  <leader>01253nam a2200241Ia 4500</leader>
  <controlfield tag="003">Ost</controlfield>
  <controlfield tag="005">20260507075649.0</controlfield>
  <controlfield tag="008">260507s9999||||xx |||||||||||||| ||und||</controlfield>
  <datafield tag="020" ind1=" " ind2=" ">
    <subfield code="a">&#xD7;329287977</subfield>
  </datafield>
  <datafield tag="040" ind1=" " ind2=" ">
    <subfield code="c">fsecg</subfield>
  </datafield>
  <datafield tag="041" ind1=" " ind2=" ">
    <subfield code="a">ara</subfield>
  </datafield>
  <datafield tag="082" ind1=" " ind2=" ">
    <subfield code="a">5.133</subfield>
  </datafield>
  <datafield tag="100" ind1=" " ind2=" ">
    <subfield code="a">&#x62D;&#x633;&#x64A;&#x646;&#x60C; &#x642;&#x62F;&#x631;&#x649;</subfield>
    <subfield code="e">&#x645;&#x624;&#x644;&#x641;</subfield>
  </datafield>
  <datafield tag="245" ind1=" " ind2="0">
    <subfield code="a">&#x62A;&#x639;&#x644;&#x645; &#x648;&#x625;&#x62D;&#x62A;&#x631;&#x641; C &#x628;&#x633;&#x647;&#x648;&#x644;&#x629; /</subfield>
    <subfield code="c"> &#x642;&#x62F;&#x631;&#x649; &#x62D;&#x633;&#x64A;&#x646;</subfield>
  </datafield>
  <datafield tag="260" ind1=" " ind2=" ">
    <subfield code="a">&#x627;&#x644;&#x642;&#x627;&#x647;&#x631;&#x629;: </subfield>
    <subfield code="b">&#x62F;&#x627;&#x631; &#x627;&#x644;&#x643;&#x62A;&#x628; &#x627;&#x644;&#x639;&#x644;&#x645;&#x64A;&#x629;, </subfield>
    <subfield code="c">2003</subfield>
  </datafield>
  <datafield tag="300" ind1=" " ind2=" ">
    <subfield code="a">430  &#x635;&#x641;&#x62D;&#x629;&#x61B; </subfield>
    <subfield code="b">&#x625;&#x64A;&#x636;&#x627;&#x62D;&#x627;&#x62A; &#x61B;</subfield>
    <subfield code="c">24 &#x633;&#x645;</subfield>
  </datafield>
  <datafield tag="520" ind1=" " ind2=" ">
    <subfield code="a">&#x645;&#x642;&#x62F;&#x645;&#x629; &#x644;&#x645;&#x627;&#x64A;&#x643;&#x631;&#x648;&#x633;&#x648;&#x641;&#x62A; &#x62F;&#x648;&#x62A; &#x646;&#x62A;- &#x623;&#x633;&#x627;&#x633;&#x64A;&#x627;&#x62A; &#x627;&#x644;&#x628;&#x64A;&#x627;&#x646;&#x627;&#x62A; &#x641;&#x64A; &#x644;&#x63A;&#x629; &#x633;&#x64A; &#x634;&#x627;&#x631;&#x628;- &#x62C;&#x645;&#x644; &#x627;&#x644;&#x62A;&#x62D;&#x643;&#x645; &#x641;&#x64A; &#x645;&#x633;&#x627;&#x631; &#x627;&#x644;&#x628;&#x631;&#x646;&#x627;&#x645;&#x62C; &#x648;&#x62C;&#x645;&#x644; &#x627;&#x644;&#x62A;&#x643;&#x631;&#x627;&#x631;- &#x627;&#x644;&#x628;&#x631;&#x645;&#x62C;&#x629; &#x645;&#x648;&#x62C;&#x647;&#x629; &#x627;&#x644;&#x647;&#x62F;&#x641;- &#x627;&#x644;&#x62F;&#x648;&#x627;&#x644; &#x648;&#x627;&#x644;&#x648;&#x631;&#x627;&#x62B;&#x629; &#x648;&#x627;&#x644;&#x645;&#x639;&#x62F;&#x644;&#x627;&#x62A;- &#x627;&#x644;&#x62A;&#x62C;&#x631;&#x64A;&#x62F; &#x648;&#x62A;&#x639;&#x62F;&#x627;&#x62F; &#x627;&#x644;&#x623;&#x634;&#x643;&#x627;&#x644;- &#x627;&#x644;&#x645;&#x635;&#x641;&#x648;&#x641;&#x627;&#x62A;- &#x627;&#x644;&#x625;&#x633;&#x62A;&#x62B;&#x646;&#x627;&#x621;&#x627;&#x62A; &#x648;&#x645;&#x639;&#x627;&#x644;&#x62C;&#x62A;&#x647;&#x627;- &#x628;&#x646;&#x627;&#x621; &#x648;&#x627;&#x62C;&#x647;&#x629; &#x627;&#x644;&#x645;&#x633;&#x62A;&#x62E;&#x62F;&#x645; &#x627;&#x644;&#x631;&#x633;&#x648;&#x645;&#x64A;&#x629;- &#x62A;&#x627;&#x628;&#x639; &#x628;&#x646;&#x627;&#x621; &#x648;&#x627;&#x62C;&#x647;&#x629; &#x627;&#x644;&#x645;&#x633;&#x62A;&#x62E;&#x62F;&#x645; &#x627;&#x644;&#x631;&#x633;&#x648;&#x645;&#x64A;&#x629;- &#x623;&#x633;&#x627;&#x633;&#x64A;&#x627;&#x62A; &#x642;&#x648;&#x627;&#x639;&#x62F; &#x627;&#x644;&#x628;&#x64A;&#x627;&#x646;&#x627;&#x62A;.</subfield>
  </datafield>
  <datafield tag="653" ind1=" " ind2=" ">
    <subfield code="a">&#x627;&#x644;&#x625;&#x639;&#x644;&#x627;&#x645; &#x627;&#x644;&#x623;&#x644;&#x64A;</subfield>
  </datafield>
  <datafield tag="653" ind1=" " ind2=" ">
    <subfield code="a">&#x627;&#x644;&#x628;&#x631;&#x645;&#x62C;&#x64A;&#x627;&#x62A;- C</subfield>
  </datafield>
  <datafield tag="653" ind1=" " ind2=" ">
    <subfield code="a">&#x627;&#x644;&#x62D;&#x627;&#x633;&#x648;&#x628;</subfield>
  </datafield>
  <datafield tag="700" ind1=" " ind2=" ">
    <subfield code="a">&#x645;&#x627;&#x62C;&#x62F;&#x60C; &#x645;&#x635;&#x637;&#x641;&#x649;</subfield>
    <subfield code="e">&#x645;&#x624;&#x644;&#x641; &#x62B;&#x627;&#x646;&#x648;&#x64A;</subfield>
  </datafield>
  <datafield tag="942" ind1=" " ind2=" ">
    <subfield code="c">&#x643;&#x62A;&#x627;&#x628;</subfield>
  </datafield>
  <datafield tag="999" ind1=" " ind2=" ">
    <subfield code="c">45545</subfield>
    <subfield code="d">45545</subfield>
  </datafield>
</record>
